| 000 | 01144cad a22002535a 4500 | ||
|---|---|---|---|
| 001 | L149172 | ||
| 008 | 100125e20100122xxkd f s 000 0 eng d | ||
| 035 | _a(Sirsi) u149172 | ||
| 041 | 0 | _aeng | |
| 050 | 0 | 4 | _a333.33 $2 18 |
| 110 | 2 |
_aRoyal Institution of Chartered Surveyors _bEconomics _95033 |
|
| 245 | 0 | 0 |
_aRICS global real estate weekly _b22 January 2010 _h[electronic resource] |
| 260 |
_aLondon _bRICS _c2010 |
||
| 490 | 0 |
_aRICS Global Real Estate Weekly _v22 January 2010 |
|
| 520 | _aRICS UK Commercial Property Survey Q4 2009 shows further improvement. India is set to tighten monetary policy. US housing market sales activity remains weak in spite of recent price increases. Spanish mortgage activity continues to be subdued. | ||
| 521 | _aAdvanced | ||
| 590 | _aKA | ||
| 650 | 2 | 4 | _aRICS GLOBAL REAL ESTATE WEEKLY |
| 651 | 4 | _aInternational | |
| 690 | _aBUILT ENVIRONMENT-CONSTRUCTION MARKET | ||
| 690 | _aPROPERTY-COMMERCIAL PROPERTY-COMMERCIAL PROPERTY MARKET | ||
| 856 | 4 | 0 |
_uhttps://www.rics.org/site/scripts/download_info.aspx?fileID=5672&categoryID=419 _zView the report free of charge at www.rics.org... |
| 942 | _n0 | ||
| 999 |
_c110397 _d110397 |
||